[Event "41st World U20 ch"]
[Site "Panaji IND"]
[Date "2002.12.18"]
[Round "11.38"]
[White "Pratik Shriwas, R."]
[Black "Nikhilesh, Kumar"]
[Result "0-1"]
[WhiteElo "2148"]
[BlackElo "2182"]
[EventDate "2002.12.09"]
[PlyCount "64"]

1.Nf3 Nf6 2.g3 g6 3.b4 Bg7 4.Bb2 O-O 5.Bg2 d5 6.O-O c6 7.d3 a5 8.a3 Nbd7 
9.Nbd2 Re8 10.c4 e5 11.e4 d4 12.Ne1 Nf8 13.h3 Nh5 14.c5 Be6 15.Nc4 Bxc4 
16.dxc4 f5 17.Nd3 fxe4 18.Bxe4 Nd7 19.Kh2 Ndf6 20.f3 Nxe4 21.fxe4 Qe7 22.
Qc2 Rf8 23.Rae1 Bh6 24.Bc1 Bxc1 25.Nxc1 Qg5 26.Qg2 axb4 27.axb4 Ra3 28.
Rxf8+ Kxf8 29.Rf1+ Kg7 30.Ne2 Qe3 31.g4 Ra2 32.Re1 d3 0-1

[Event "41st World U20 ch"]
[Site "Panaji IND"]
[Date "2002.12.18"]
[Round "11.39"]
[White "Borchgrevink, Harald"]
[Black "Pradeep, T. S."]
[Result "1-0"]
[WhiteElo "2174"]
[BlackElo "2111"]
[EventDate "2002.12.09"]
[PlyCount "61"]

1.d4 Nf6 2.c4 g6 3.Nc3 d5 4.cxd5 Nxd5 5.Bd2 Bg7 6.e4 Nb6 7.Be3 O-O 8.h3 c6
9.Nf3 Be6 10.Be2 Nc4 11.Bc1 Qa5 12.O-O Rd8 13.Rb1 Na6 14.Kh1 b5 15.Bg5 Rd7
16.Qc1 Bxd4 17.Nxd4 Rxd4 18.Bxe7 f5 19.Qg5 Qc7 20.Rbd1 Rxd1 21.Rxd1 Re8 
22.Rd8 Rxd8 23.Bxd8 Qd7 24.Bf6 Nc5 25.exf5 Bxf5 26.Qf4 Nd6 27.Be5 Nf7 28.
Bd4 Ne6 29.Qb8+ Qd8 30.Qxd8+ Nfxd8 31.Bxa7 1-0

[Event "41st World U20 ch"]
[Site "Panaji IND"]
[Date "2002.12.18"]
[Round "11.41"]
[White "Kafka, Graeme"]
[Black "Sanchit, Agarwal"]
[Result "1-0"]
[WhiteElo "2108"]
[BlackElo "2004"]
[EventDate "2002.12.09"]
[PlyCount "79"]

1.e4 c5 2.Nf3 e6 3.d4 cxd4 4.Nxd4 a6 5.Bd3 Qc7 6.O-O Nc6 7.Nxc6 Qxc6 8.c4 
b6 9.Nc3 Bb7 10.Qe2 Nf6 11.Be3 Bc5 12.Rac1 O-O 13.Bxc5 Qxc5 14.e5 Qc6 15.
f4 Ne8 16.Rc2 f5 17.Qf2 Rc8 18.b3 Qc5 19.Na4 Qxf2+ 20.Kxf2 Rc6 21.c5 b5 
22.Nb6 Rc7 23.b4 Bc6 24.a4 Ra7 25.Ra1 Nc7 26.axb5 Nxb5 27.Rca2 Nc7 28.Bxa6
Nd5 29.Nxd5 Bxd5 30.Ra5 Rb8 31.b5 Bc4 32.b6 Rxa6 33.Rxa6 Bxa6 34.Rxa6 Kf8 
35.Ke3 Ke8 36.Kd4 h6 37.c6 dxc6 38.Kc5 g5 39.Kxc6 Rc8+ 40.Kd6 1-0

[Event "41st World U20 ch"]
[Site "Panaji IND"]
[Date "2002.12.18"]
[Round "11.44"]
[White "Gurpreet, Singh Maras"]
[Black "Phanikanth, J. S. S."]
[Result "1/2-1/2"]
[WhiteElo "2145"]
[BlackElo "2012"]
[EventDate "2002.12.09"]
[PlyCount "82"]

1.e4 e5 2.Nf3 Nf6 3.Nxe5 d6 4.Nf3 Nxe4 5.d4 d5 6.Bd3 Bd6 7.c4 c6 8.Nc3 
Nxc3 9.bxc3 Bg4 10.h3 Bh5 11.Be3 O-O 12.c5 Bc7 13.Qc2 Bg6 14.O-O Nd7 15.
Rfe1 b6 16.Ng5 Bxd3 17.Qxd3 Nf6 18.c4 bxc5 19.dxc5 dxc4 20.Qxc4 h6 21.Nf3 
Nd5 22.Nd4 Nxe3 23.Rxe3 Qf6 24.Rae1 Rad8 25.Re4 Rd5 26.Nb5 Rd2 27.Rf1 cxb5
28.Qxb5 Rxa2 29.Qd7 Qd8 30.Qb5 Qd5 31.Rfe1 Qd2 32.Rf1 Qd5 33.Rfe1 Ra5 34.
Qb1 Qxc5 35.Re8 Rb5 36.Qd3 Bb6 37.Qe2 Rb4 38.g3 Rxe8 39.Qxe8+ Qf8 40.Qd7 
Rb2 41.Re8 Rxf2 1/2-1/2

[Event "41st World U20 ch"]
[Site "Panaji IND"]
[Date "2002.12.19"]
[Round "12.2"]
[White "Berkes, Ferenc"]
[Black "Timofeev, Artiom"]
[Result "1-0"]
[WhiteElo "2545"]
[BlackElo "2558"]
[EventDate "2002.12.09"]
[PlyCount "93"]

1.c4 Nf6 2.Nc3 c5 3.Nf3 d5 4.cxd5 Nxd5 5.e4 Nxc3 6.dxc3 Qxd1+ 7.Kxd1 Nc6 
8.Kc2 Bd7 9.a4 e5 10.Bc4 f6 11.a5 Bd6 12.Be3 Ke7 13.Rhd1 Rhc8 14.Bd5 Be6 
15.Kb3 b5 16.axb6 axb6 17.Bxe6 Kxe6 18.Kc4 Nd4 19.cxd4 cxd4+ 20.Kd3 dxe3 
21.fxe3 Bb4 22.Rac1 Bc5 23.Nd2 Ra2 24.Rc2 Kd7 25.Nb1 Ra1 26.Nc3 Ke6 27.Nd5
f5 28.Nxb6 Ra5 29.Nd5 fxe4+ 30.Kxe4 Bd6 31.Nb6 Bc5 32.Nc4 Ra4 33.b3 Rb4 
34.Rc3 h5 35.Rcd3 Be7 36.Rd5 g6 37.R5d3 Rb5 38.h3 Rb4 39.Kf3 Rcb8 40.Ke4 
R8b5 41.Rc3 Bf6 42.Kd3 Be7 43.e4 Ra5 44.Ne3 Kf7 45.Rc6 Bh4 46.Nd5 Kg7 47.
Nxb4 1-0

[Event "41st World U20 ch"]
[Site "Panaji IND"]
[Date "2002.12.19"]
[Round "12.3"]
[White "Ghaem Maghami, Ehsan"]
[Black "McShane, Luke"]
[Result "0-1"]
[WhiteElo "2511"]
[BlackElo "2546"]
[EventDate "2002.12.09"]
[PlyCount "68"]

1.d4 Nf6 2.c4 g6 3.Nc3 d5 4.Nf3 Bg7 5.e3 O-O 6.b4 c6 7.Bd2 Ne4 8.cxd5 cxd5
9.Rc1 Bf5 10.Be2 a6 11.Qb3 Be6 12.O-O Nd7 13.a4 Kh8 14.Rfd1 f5 15.Be1 Bg8 
16.a5 g5 17.Nd2 Nd6 18.Nf3 e6 19.Na4 g4 20.Ne5 Nxe5 21.dxe5 Bxe5 22.Nb6 
Rb8 23.Bc3 Bg7 24.Qb2 Rf7 25.Bxg7+ Rxg7 26.Rc2 Qg5 27.Qe5 Rd8 28.Rc7 h5 
29.Nd7 Qe7 30.Nf6 Qxc7 31.Nxh5 Ne4 32.Qxg7+ Qxg7 33.Nxg7 Kxg7 34.Rc1 Nd6 
0-1

[Event "41st World U20 ch"]
[Site "Panaji IND"]
[Date "2002.12.19"]
[Round "12.5"]
[White "Yakovenko, Dmitry"]
[Black "Wojtaszek, Radoslaw"]
[Result "1-0"]
[WhiteElo "2570"]
[BlackElo "2452"]
[EventDate "2002.12.09"]
[PlyCount "71"]

1.e4 c5 2.Nf3 d6 3.d4 cxd4 4.Nxd4 Nf6 5.Nc3 Nc6 6.Bg5 e6 7.Qd2 a6 8.O-O-O 
Nxd4 9.Qxd4 Be7 10.f4 b5 11.Bxf6 gxf6 12.e5 d5 13.Kb1 Rg8 14.Ne2 Bb7 15.
Ng3 fxe5 16.fxe5 Qc7 17.Bd3 h5 18.Nxh5 Rxg2 19.h4 O-O-O 20.Qf4 Bc5 21.Rdf1
Rdg8 22.a3 R2g4 23.Qxf7 Qxf7 24.Rxf7 d4 25.Rh2 Rh8 26.Nf4 Rhxh4 27.Rxh4 
Rxh4 28.b4 Bb6 29.Nxe6 Rh1+ 30.Kb2 Bd5 31.Rf8+ Kd7 32.Nf4 Bc4 33.Bf5+ Kc7 
34.Rc8+ Kb7 35.Rxc4 Rf1 36.Be4+ 1-0

[Event "41st World U20 ch"]
[Site "Panaji IND"]
[Date "2002.12.19"]
[Round "12.6"]
[White "Miton, Kamil"]
[Black "Potkin, Vladimir"]
[Result "1/2-1/2"]
[WhiteElo "2564"]
[BlackElo "2495"]
[EventDate "2002.12.09"]
[PlyCount "64"]

1.e4 e6 2.d4 d5 3.Nc3 Bb4 4.e5 Ne7 5.a3 Bxc3+ 6.bxc3 b6 7.Qg4 Ng6 8.h4 h5 
9.Qf3 Nxh4 10.Qh3 Ng6 11.Bd3 Qd7 12.Nf3 Ba6 13.Bxg6 fxg6 14.Ng5 Ke7 15.a4 
Qc6 16.Ba3+ Kd7 17.Kd2 Re8 18.Qf3 Kc8 19.Qf7 Qd7 20.Qxg6 Nc6 21.Bb4 Kb7 
22.Rxh5 Nxb4 23.cxb4 Bc4 24.a5 Ba6 25.Kc1 Qb5 26.Nxe6 Qf1+ 27.Kb2 Qc4 28.
Rh3 Rxe6 29.Qxe6 Qxb4+ 30.Rb3 Qxd4+ 31.Rc3 Qb4+ 32.Rb3 Qd4+ 1/2-1/2

[Event "41st World U20 ch"]
[Site "Panaji IND"]
[Date "2002.12.19"]
[Round "12.7"]
[White "Azarov, Sergei"]
[Black "Inarkiev, Ernesto"]
[Result "1/2-1/2"]
[WhiteElo "2520"]
[BlackElo "2556"]
[EventDate "2002.12.09"]
[PlyCount "60"]

1.e4 c5 2.Nf3 Nc6 3.d4 cxd4 4.Nxd4 g6 5.c4 Nf6 6.Nc3 d6 7.Be2 Nxd4 8.Qxd4 
Bg7 9.Be3 O-O 10.Qd2 a5 11.O-O a4 12.Bd4 Be6 13.Qe3 Nd7 14.Bxg7 Kxg7 15.
Nd5 Re8 16.Rac1 Nc5 17.Rc3 Bxd5 18.exd5 e5 19.dxe6 Rxe6 20.Qd4+ Qf6 21.
Qxf6+ Kxf6 22.Bf3 Ke7 23.Bd5 Re2 24.b4 axb3 25.axb3 Ra3 26.Rf3 Ne6 27.Bxb7
Rb2 28.Bd5 Raxb3 29.Rxb3 Rxb3 30.c5 Rb5 1/2-1/2

[Event "41st World U20 ch"]
[Site "Panaji IND"]
[Date "2002.12.19"]
[Round "12.8"]
[White "Bu Xiangzhi"]
[Black "Poobesh Anand, Selvaraj"]
[Result "1-0"]
[WhiteElo "2601"]
[BlackElo "2351"]
[EventDate "2002.12.09"]
[PlyCount "75"]

1.Nf3 Nf6 2.c4 e6 3.Nc3 Bb4 4.Qb3 Bxc3 5.Qxc3 O-O 6.g3 b6 7.Bg2 Bb7 8.O-O 
d6 9.d4 Nbd7 10.b3 Qe7 11.Bb2 Rac8 12.Rad1 c5 13.d5 exd5 14.cxd5 Rfe8 15.
Nh4 Qe5 16.Qc1 Qe7 17.Bh3 Rcd8 18.Bxd7 Qxd7 19.Bxf6 gxf6 20.Qf4 Bc8 21.
Qxf6 Qe7 22.Qxe7 Rxe7 23.Rfe1 b5 24.Ng2 a5 25.Ne3 a4 26.bxa4 b4 27.a3 b3 
28.Rd3 c4 29.Nxc4 Ba6 30.Re3 Rxe3 31.Nxe3 Rb8 32.Kf1 Kg7 33.Rb1 Kf6 34.f4 
Bc8 35.a5 Bd7 36.a6 Ba4 37.Nc4 Re8 38.Nb6 1-0

[Event "41st World U20 ch"]
[Site "Panaji IND"]
[Date "2002.12.19"]
[Round "12.9"]
[White "Neelotpal, Das"]
[Black "Ni Hua"]
[Result "0-1"]
[WhiteElo "2374"]
[BlackElo "2545"]
[EventDate "2002.12.09"]
[PlyCount "63"]

1.Nf3 c5 2.e4 Nc6 3.Bb5 g6 4.O-O Bg7 5.c3 Nf6 6.Re1 O-O 7.h3 e5 8.d3 d6 9.
Nbd2 Bd7 10.a3 a6 11.Bc4 b5 12.Ba2 h6 13.b4 cxb4 14.cxb4 Kh7 15.Bb2 Nh5 
16.d4 exd4 17.Nb3 Nf4 18.Nbxd4 Ne5 19.Re3 Nxf3+ 20.Rxf3 Be5 21.Kh1 Qh4 22.
Nf5 Qf6 23.Bxe5 Qxe5 24.Ne3 Rac8 25.Rc1 g5 26.Rxc8 Bxc8 27.Qc2 Bd7 28.Nd5 
Be6 29.Qc7 Kh8 30.Rd3 Qxe4 31.Qxd6 Kg7 32.Rd4 0-1

[Event "41st World U20 ch"]
[Site "Panaji IND"]
[Date "2002.12.19"]
[Round "12.10"]
[White "Paragua, Mark"]
[Black "Satyapragyan, Swayangsu"]
[Result "1/2-1/2"]
[WhiteElo "2476"]
[BlackElo "2436"]
[EventDate "2002.12.09"]
[PlyCount "120"]

1.e4 c5 2.Nf3 Nc6 3.d4 cxd4 4.Nxd4 e6 5.Nc3 Qc7 6.Be2 a6 7.O-O Nf6 8.Be3 
d6 9.f4 Be7 10.Kh1 O-O 11.a4 Nxd4 12.Qxd4 e5 13.Qd3 b6 14.Qc4 Qxc4 15.Bxc4
Rb8 16.fxe5 dxe5 17.b3 Bd8 18.Nd5 b5 19.axb5 axb5 20.Ba7 Rb7 21.Nxf6+ Bxf6
22.Bd5 Rc7 23.c4 bxc4 24.bxc4 Be6 25.c5 Be7 26.c6 Rcc8 27.Bb6 Bd8 28.Bc5 
Re8 29.Ra7 Bc7 30.Rb1 h5 31.Rbb7 Bb8 32.Bxe6 Rxe6 33.Ra8 Ree8 34.h3 Kh7 
35.Rxf7 Rxc6 36.Ba7 Rcc8 37.Bxb8 Rxb8 38.Raa7 Rg8 39.Rf5 Kh6 40.Rxe5 Rge8 
41.Ree7 Rxe7 42.Rxe7 Kg6 43.Re5 Rb4 44.Kg1 Kf6 45.Rf5+ Ke6 46.Rxh5 Rxe4 
47.Kh2 Re3 48.h4 Kf6 49.Rb5 Ra3 50.g3 Ra4 51.h5 g6 52.h6 g5 53.Rb6+ Kf7 
54.Kh3 Kg8 55.Rb7 Ra6 56.h7+ Kh8 57.Kg4 Ra4+ 58.Kxg5 Ra5+ 59.Kh6 Ra6+ 60.
Kh5 Ra5+ 1/2-1/2

[Event "41st World U20 ch"]
[Site "Panaji IND"]
[Date "2002.12.19"]
[Round "12.11"]
[White "Asauskas, Henrikas"]
[Black "Kristjansson, Stefan"]
[Result "0-1"]
[WhiteElo "2331"]
[BlackElo "2431"]
[EventDate "2002.12.09"]
[PlyCount "68"]

1.e4 e6 2.d4 d5 3.Nd2 Be7 4.Bd3 c5 5.dxc5 Nf6 6.Qe2 Nc6 7.Ngf3 a5 8.O-O 
O-O 9.c4 a4 10.cxd5 exd5 11.exd5 Qxd5 12.Ne4 Bg4 13.Nxf6+ Bxf6 14.Qe4 Qxe4
15.Bxe4 Rfe8 16.h3 Rxe4 17.hxg4 Rxg4 18.Rb1 Rb4 19.b3 Rb5 20.Be3 a3 21.
Rfd1 Nb4 22.Rd2 h6 23.Rbd1 Bb2 24.Bd4 Bxd4 25.Rxd4 Nxa2 26.Ra1 Nb4 27.Rc4 
Nc6 28.Ra4 Rxa4 29.bxa4 Rb3 30.Nd2 Rc3 31.Ne4 Rc4 32.Nd6 Rxa4 33.Nxb7 a2 
34.Nd6 Nb4 0-1

[Event "41st World U20 ch"]
[Site "Panaji IND"]
[Date "2002.12.19"]
[Round "12.12"]
[White "Rohit, Gogineni"]
[Black "Smerdon, David"]
[Result "0-1"]
[WhiteElo "2319"]
[BlackElo "2382"]
[EventDate "2002.12.09"]
[PlyCount "112"]

1.e4 Nf6 2.e5 Nd5 3.d4 d6 4.Nf3 c6 5.Be2 dxe5 6.Nxe5 g6 7.O-O Bg7 8.c4 Nc7
9.b3 c5 10.Bb2 Nc6 11.Nxc6 bxc6 12.Bf3 Bb7 13.Qd2 cxd4 14.Qb4 Qc8 15.Nd2 
a5 16.Qa4 Ne6 17.Ba3 O-O 18.Bxe7 Re8 19.Qa3 c5 20.Bd6 Bxf3 21.Nxf3 Qd7 22.
Bg3 d3 23.Rad1 Nd4 24.Qxc5 Ne2+ 25.Kh1 Nc3 26.Qd6 Qxd6 27.Bxd6 Nxd1 28.
Rxd1 Re2 29.a3 Rb2 30.Rxd3 Rb1+ 31.Ng1 Re8 32.h3 Ree1 33.Bh2 Red1 34.Rxd1 
Rxd1 35.Bg3 Rd3 36.b4 a4 37.c5 Rxa3 38.c6 Rc3 39.b5 a3 40.c7 Bd4 41.Ne2 a2
42.Nxd4 a1=Q+ 43.Kh2 Rxc7 44.Bxc7 Qxd4 45.b6 Qd5 46.Bf4 g5 47.Bg3 Qb3 48.
Bc7 Kg7 49.Bd8 Kg6 50.Bc7 h5 51.Bd8 Kf5 52.Bc7 Ke4 53.Bd8 Kd3 54.Bxg5 Qxb6
55.Be3 Qb8+ 56.g3 Ke2 0-1

[Event "41st World U20 ch"]
[Site "Panaji IND"]
[Date "2002.12.19"]
[Round "12.13"]
[White "Carlsson, Pontus"]
[Black "Jeremic, Veljko"]
[Result "1/2-1/2"]
[WhiteElo "2376"]
[BlackElo "2487"]
[EventDate "2002.12.09"]
[PlyCount "89"]

1.e4 e6 2.d4 d5 3.Nd2 dxe4 4.Nxe4 Nd7 5.Nf3 Ngf6 6.Nxf6+ Nxf6 7.c3 Be7 8.
Bd3 c5 9.dxc5 Bxc5 10.Qe2 Qc7 11.Bg5 Bd7 12.O-O-O O-O-O 13.Ne5 Ba4 14.Rde1
Bd6 15.Bc2 Bxe5 16.Qxe5 Bxc2 17.Qxc7+ Kxc7 18.Kxc2 Rd5 19.Be3 b6 20.c4 Rd7
21.Bd2 Rc8 22.a4 Kb7 23.b3 a6 24.Bc3 Ne8 25.Rd1 Rcd8 26.Rxd7+ Rxd7 27.Re1 
g6 28.g4 Kc6 29.Re3 Nd6 30.Be5 f5 31.h3 Ne4 32.f3 Nc5 33.Bb2 a5 34.Ba3 Kd6
35.f4 fxg4 36.hxg4 Rf7 37.Bb2 Kc6 38.Be5 h5 39.Rg3 Rh7 40.Bd4 Kd6 41.Bxc5+
bxc5 42.Kd3 hxg4 43.Rxg4 Rh3+ 44.Kc2 Rh2+ 45.Kd3 1/2-1/2

[Event "41st World U20 ch"]
[Site "Panaji IND"]
[Date "2002.12.19"]
[Round "12.14"]
[White "Roy Chowdhury, Saptarshi"]
[Black "Mastrovasilis, Dimitrios"]
[Result "0-1"]
[WhiteElo "2376"]
[BlackElo "2461"]
[EventDate "2002.12.09"]
[PlyCount "64"]

1.e4 c5 2.Nf3 e6 3.d4 cxd4 4.Nxd4 Nc6 5.Nc3 Qc7 6.Be3 a6 7.Be2 b5 8.a3 Bb7
9.O-O Rc8 10.Nxc6 Qxc6 11.f4 Nf6 12.Bf3 Bc5 13.Bxc5 Qxc5+ 14.Kh1 e5 15.g4 
O-O 16.g5 Ne8 17.f5 Nd6 18.f6 a5 19.fxg7 Rfe8 20.Bg2 b4 21.axb4 axb4 22.
Nd5 Bxd5 23.exd5 e4 24.Qh5 e3 25.Rae1 Qxc2 26.Re2 Qd3 27.Bh3 Re5 28.Qg4 
Rc2 29.Rxc2 Qxc2 30.Qxb4 Qe4+ 31.Qxe4 Nxe4 32.Kg1 Nf2 0-1

[Event "41st World U20 ch"]
[Site "Panaji IND"]
[Date "2002.12.19"]
[Round "12.15"]
[White "Sriram, Sarja"]
[Black "Bar, Roman"]
[Result "0-1"]
[WhiteElo "2100"]
[BlackElo "2413"]
[EventDate "2002.12.09"]
[PlyCount "164"]

1.Nf3 Nf6 2.c4 e6 3.Nc3 c5 4.g3 b6 5.Bg2 Bb7 6.O-O Be7 7.Re1 Ne4 8.Nxe4 
Bxe4 9.d3 Bb7 10.e4 O-O 11.d4 cxd4 12.Nxd4 d6 13.Be3 a6 14.Qd2 Nd7 15.Rad1
Qc7 16.b3 Nf6 17.f3 Rfe8 18.g4 Rad8 19.Bf2 Nd7 20.Rc1 Qb8 21.Bg3 Bf8 22.
Kh1 Rc8 23.h3 Qa8 24.Kh2 h6 25.Kh1 Ne5 26.Kh2 Nd7 27.Kh1 Be7 28.Rc2 Qa7 
29.Qd1 Qa8 30.Kh2 Rcd8 31.Kh1 Ne5 32.Rd2 Ng6 33.Nc2 Qb8 34.Rd3 Rd7 35.Re2 
Red8 36.Qf1 e5 37.f4 exf4 38.Bxf4 Nxf4 39.Qxf4 Bf6 40.Nb4 b5 41.cxb5 axb5 
42.Nd5 Be5 43.Qf2 Bxd5 44.exd5 Rc7 45.Rc2 Rxc2 46.Qxc2 Rc8 47.Qe2 b4 48.
Rd2 Qc7 49.Be4 Qc1+ 50.Qd1 Qc3 51.Bd3 Qc5 52.Bc4 Qe3 53.Rd3 Qf4 54.Qe2 Ra8
55.Kg1 Kf8 56.Rf3 Qc1+ 57.Rf1 Qc3 58.Rf3 Qa1+ 59.Qf1 Qxa2 60.Qe2 Qa1+ 61.
Rf1 Qc3 62.Rf3 Qd4+ 63.Kg2 Kg8 64.Rf1 Qc3 65.Rf3 Qc1 66.Rf1 Qg5 67.Rf5 Qh4
68.Qf2 Qe7 69.Qe2 Ra1 70.Rf1 Ra5 71.Qf2 h5 72.gxh5 Qg5+ 73.Kh1 Qxh5 74.Kg2
Ra8 75.Qe2 Qxe2+ 76.Bxe2 Ra2 77.Kf3 Rb2 78.Bc4 Rh2 79.Kg4 g6 80.Rg1 f5+ 
81.Kh4 Kg7 82.Bf1 Kh6 0-1

[Event "41st World U20 ch"]
[Site "Panaji IND"]
[Date "2002.12.19"]
[Round "12.16"]
[White "Kidambi, Sundararajan"]
[Black "Jirka, Jiri"]
[Result "1-0"]
[WhiteElo "2408"]
[BlackElo "2378"]
[EventDate "2002.12.09"]
[PlyCount "61"]

1.d4 d5 2.c4 c6 3.Nf3 Nf6 4.e3 g6 5.Nc3 Bg7 6.Bd3 O-O 7.O-O Bg4 8.h3 Bxf3 
9.Qxf3 e6 10.Rd1 Nbd7 11.b3 Re8 12.Bb2 Qe7 13.Bf1 Nb6 14.Rac1 Rad8 15.Qe2 
dxc4 16.bxc4 e5 17.dxe5 Qxe5 18.c5 Nbd7 19.Nb5 Qb8 20.Nd6 Re6 21.Qf3 Nxc5 
22.Nxf7 Rxd1 23.Qxd1 Nce4 24.Nd8 Rd6 25.Qb3+ Nd5 26.Bxg7 Rxd8 27.Ba1 Rf8 
28.Bc4 Qd6 29.Qxb7 Nf6 30.Bb3 c5 31.Bxf6 1-0

[Event "41st World U20 ch"]
[Site "Panaji IND"]
[Date "2002.12.19"]
[Round "12.17"]
[White "Sadykov, Rustem"]
[Black "Darban, Varighan"]
[Result "0-1"]
[WhiteElo "2400"]
[BlackElo "2310"]
[EventDate "2002.12.09"]
[PlyCount "104"]

1.e4 d6 2.d4 Nf6 3.Nc3 g6 4.f4 Bg7 5.Nf3 O-O 6.Bd3 Na6 7.O-O c5 8.d5 Bg4 
9.Bc4 Nc7 10.a4 a6 11.a5 Nb5 12.h3 Bxf3 13.Qxf3 Nd4 14.Qd3 Nd7 15.Nd1 b5 
16.axb6 Qxb6 17.Kh1 a5 18.Nc3 g5 19.Na4 Qb7 20.Ra3 gxf4 21.Bxf4 f5 22.e5 
dxe5 23.Bg5 e4 24.Qd1 Ne5 25.Ba2 Nf7 26.Nxc5 Qxb2 27.Bc1 Qxc2 28.Qxc2 Nxc2
29.Rg3 Kh8 30.Rxg7 Kxg7 31.Ne6+ Kg8 32.Nxf8 Nb4 33.Bc4 Rxf8 34.d6 exd6 35.
Rxf5 d5 36.Bxd5 Nxd5 37.Rxd5 Rd8 38.Rc5 a4 39.Kg1 Nd6 40.Kf2 Rc8 41.Rd5 
Rc2+ 42.Kg3 Nc4 43.Bh6 Kf7 44.Rd7+ Kg6 45.Bg7 Kf5 46.Rd5+ Ke6 47.Rd8 a3 
48.Ra8 a2 49.Bd4 e3 50.Kf3 e2 51.Kf2 Nb2 52.Ra3 a1=Q 0-1

[Event "41st World U20 ch"]
[Site "Panaji IND"]
[Date "2002.12.19"]
[Round "12.18"]
[White "Glinert, Stephen"]
[Black "Simutowe, Amon"]
[Result "1/2-1/2"]
[WhiteElo "2351"]
[BlackElo "2383"]
[EventDate "2002.12.09"]
[PlyCount "113"]

1.e4 c5 2.Nc3 a6 3.a4 b6 4.g3 Bb7 5.Bg2 e6 6.Nge2 d6 7.O-O h5 8.f4 Nd7 9.
d4 cxd4 10.Nxd4 Ngf6 11.Qe2 Qc7 12.h3 Rc8 13.Be3 Nc5 14.Bf2 e5 15.Nb3 h4 
16.g4 Ne6 17.Be3 exf4 18.Bxf4 Nxf4 19.Rxf4 Nd7 20.Nd4 g6 21.Nd5 Qc5 22.Qf2
Bxd5 23.exd5 Ne5 24.Re1 Be7 25.g5 Rh5 26.b4 Qc3 27.Nc6 Rc7 28.Rf1 Bxg5 29.
Qxb6 Rxc6 30.dxc6 Bxf4 31.Rxf4 Rg5 32.Qb8+ Ke7 33.Qc7+ Ke8 34.Qc8+ Ke7 35.
Qb7+ Kd8 36.Qb6+ Ke7 37.Qb7+ Kd8 38.c7+ Qxc7 39.Qxa6 Qxc2 40.Qxd6+ Ke8 41.
Qb8+ Ke7 42.Qb7+ Ke8 43.a5 Qc1+ 44.Rf1 Qe3+ 45.Kh1 Rf5 46.Rxf5 gxf5 47.
Qb5+ Kd8 48.a6 Qe1+ 49.Qf1 Qxf1+ 50.Bxf1 Kc7 51.b5 f4 52.Kg2 Kb6 53.Kf2 f6
54.Ke2 Ka7 55.Kd2 Kb6 56.Bg2 Nf7 57.Bf1 1/2-1/2

[Event "41st World U20 ch"]
[Site "Panaji IND"]
[Date "2002.12.19"]
[Round "12.19"]
[White "Sharma, R. Preetham"]
[Black "Vioreanu, Bogdan"]
[Result "0-1"]
[WhiteElo "2311"]
[BlackElo "2379"]
[EventDate "2002.12.09"]
[PlyCount "56"]

1.Nf3 d5 2.g3 Nf6 3.Bg2 Bg4 4.b3 e6 5.c4 Nbd7 6.O-O c6 7.Bb2 Bd6 8.h3 Bh5 
9.d4 Ne4 10.Nbd2 f5 11.Ne5 Nxe5 12.dxe5 Bc5 13.Nxe4 dxe4 14.Qc2 e3 15.fxe3
Bxe3+ 16.Kh2 Qg5 17.Bf3 Bg6 18.Qc3 f4 19.Qe1 O-O-O 20.Bc3 fxg3+ 21.Kg2 Bf4
22.Rd1 Rxd1 23.Qxd1 Rd8 24.Qa1 h5 25.Qb2 h4 26.b4 Bf5 27.Qa3 Bxh3+ 28.Kxh3
g2 0-1

[Event "41st World U20 ch"]
[Site "Panaji IND"]
[Date "2002.12.19"]
[Round "12.20"]
[White "Sandipan, Chanda"]
[Black "Annaberdiev, Meilis"]
[Result "0-1"]
[WhiteElo "2510"]
[BlackElo "2305"]
[EventDate "2002.12.09"]
[PlyCount "90"]

1.e4 c6 2.c4 d5 3.exd5 cxd5 4.cxd5 Nf6 5.Nc3 g6 6.Bb5+ Nbd7 7.d6 exd6 8.
Qe2+ Qe7 9.d4 a6 10.Bd3 Nb6 11.Bg5 Qxe2+ 12.Ngxe2 Be7 13.O-O Nfd5 14.Bxe7 
Kxe7 15.Nxd5+ Nxd5 16.Be4 Nf6 17.Bf3 d5 18.Rfe1 Kd6 19.Nc3 b5 20.b4 Bb7 
21.a4 Rhc8 22.Ra3 Rc4 23.axb5 Rxb4 24.Be2 a5 25.Rd1 Ne4 26.Nb1 Rb2 27.Kf1 
Re8 28.Re3 Rc8 29.Ke1 f5 30.f3 f4 31.Ra3 Rcc2 32.Bd3 Rxg2 33.fxe4 dxe4 34.
Bf1 Rxh2 35.Nd2 Bd5 36.Rh3 Rxh3 37.Bxh3 e3 38.Nf1 Bf3 39.Nd2 Bd5 40.Nf1 
Bf3 41.Nd2 exd2+ 42.Rxd2 Rxb5 43.Rc2 g5 44.Kf2 g4 45.Bf1 Rb4 0-1

[Event "41st World U20 ch"]
[Site "Panaji IND"]
[Date "2002.12.19"]
[Round "12.21"]
[White "Eriksson, Jonas"]
[Black "Bromberger, Stefan"]
[Result "0-1"]
[WhiteElo "2278"]
[BlackElo "2414"]
[EventDate "2002.12.09"]
[PlyCount "56"]

1.d4 Nf6 2.c4 g6 3.Nc3 Bg7 4.e4 O-O 5.Nf3 d6 6.h3 c5 7.d5 e6 8.Bd3 exd5 9.
exd5 Re8+ 10.Be3 Bh6 11.O-O Bxe3 12.fxe3 Qe7 13.e4 Nbd7 14.Qd2 Kg7 15.Nb5 
Rf8 16.Qc3 Kg8 17.Rae1 Ne8 18.e5 dxe5 19.Nxe5 Nxe5 20.Rxe5 Qd8 21.Qd2 Bd7 
22.Qh6 f5 23.d6 Rf7 24.Be4 Qf6 25.Re7 Nxd6 26.Rxf7 Nxf7 27.Bd5 Bxb5 28.
cxb5 Qd4+ 0-1

[Event "41st World U20 ch"]
[Site "Panaji IND"]
[Date "2002.12.19"]
[Round "12.22"]
[White "Gopal, Geetha Narayanan"]
[Black "Perez Candelario, Manuel"]
[Result "0-1"]
[WhiteElo "2174"]
[BlackElo "2408"]
[EventDate "2002.12.09"]
[PlyCount "84"]

1.e4 c5 2.Nf3 e6 3.d3 Nc6 4.g3 g6 5.Bg2 Bg7 6.O-O Nge7 7.c3 e5 8.a3 d6 9.
b4 a6 10.Ra2 O-O 11.Rd2 h6 12.d4 cxd4 13.cxd4 Nxd4 14.Nxd4 exd4 15.Rxd4 
Bxd4 16.Qxd4 Kh7 17.Qe3 Ng8 18.Nc3 Be6 19.Bb2 f6 20.f4 Bc4 21.Rd1 Qe7 22.
Qb6 Rfd8 23.h3 Rac8 24.g4 Bb3 25.Rd2 Bf7 26.Qf2 Rc4 27.Rd3 Rdc8 28.Kh1 g5 
29.h4 gxf4 30.Qxf4 Rd8 31.Qf2 Be6 32.Rg3 Rf8 33.Bf1 Rc7 34.Bd3 Kh8 35.Nd5 
Bxd5 36.exd5 Qf7 37.Qd4 Re8 38.g5 Re5 39.Be4 hxg5 40.hxg5 Qh5+ 41.Kg2 Qe2+
42.Kg1 Rxe4 0-1

[Event "41st World U20 ch"]
[Site "Panaji IND"]
[Date "2002.12.19"]
[Round "12.23"]
[White "Collins, Sam"]
[Black "Li Qun"]
[Result "0-1"]
[WhiteElo "2372"]
[BlackElo "2320"]
[EventDate "2002.12.09"]
[PlyCount "40"]

1.d4 d5 2.c4 c6 3.Nf3 e6 4.e3 f5 5.Bd3 Bd6 6.O-O Nf6 7.b3 Qe7 8.Nbd2 O-O 
9.Bb2 Bd7 10.Ne5 Be8 11.Qe2 Bh5 12.f3 Nbd7 13.e4 fxe4 14.fxe4 Nxe5 15.dxe5
Bxe5 16.Kh1 Ng4 17.h3 Nf2+ 18.Kg1 Qh4 19.cxd5 Ng4 20.Kh1 Qg3 0-1

[Event "41st World U20 ch"]
[Site "Panaji IND"]
[Date "2002.12.19"]
[Round "12.24"]
[White "Leong Chee Ming, Luke"]
[Black "Deepan Chakravarthy, Jeyakumar"]
[Result "0-1"]
[WhiteElo "2297"]
[BlackElo "2355"]
[EventDate "2002.12.09"]
[PlyCount "96"]

1.d4 Nf6 2.c4 Nc6 3.Nf3 e6 4.Nc3 Bb4 5.Qc2 d6 6.Bg5 h6 7.Bd2 e5 8.a3 Bxc3 
9.Bxc3 Qe7 10.dxe5 dxe5 11.e3 O-O 12.Be2 Re8 13.O-O Bg4 14.Rfd1 a5 15.Ne1 
Bxe2 16.Qxe2 Ne4 17.Qc2 f5 18.f3 Nxc3 19.Qxc3 f4 20.Nc2 fxe3 21.Qxe3 Qh4 
22.Qe4 Qxe4 23.fxe4 Rad8 24.Rd5 Nd4 25.Nxd4 exd4 26.Rd1 Rxd5 27.exd5 Re4 
28.Kf2 Kf7 29.Rd3 Kf6 30.Rb3 a4 31.Rg3 b6 32.b3 axb3 33.Rxb3 Ke5 34.Rf3 
Kd6 35.Rg3 Kc5 36.Rxg7 Kxc4 37.Rxc7+ Kxd5 38.Rb7 Re6 39.Rc7 d3 40.g4 Kd4 
41.h4 d2 42.Rd7+ Kc3 43.Rc7+ Kd3 44.Rd7+ Kc2 45.Rc7+ Kd1 46.g5 hxg5 47.
hxg5 Rg6 48.Rb7 Rc6 0-1

[Event "41st World U20 ch"]
[Site "Panaji IND"]
[Date "2002.12.19"]
[Round "12.25"]
[White "Prathamesh, Sunil Mokal"]
[Black "Geirnaert, Steven"]
[Result "1/2-1/2"]
[WhiteElo "2335"]
[BlackElo "2277"]
[EventDate "2002.12.09"]
[PlyCount "54"]

1.e4 e5 2.Nf3 Nc6 3.Bb5 a6 4.Ba4 Nf6 5.O-O Nxe4 6.d4 b5 7.Bb3 d5 8.dxe5 
Be6 9.Nbd2 Bc5 10.c3 O-O 11.Bc2 Nxf2 12.Rxf2 f6 13.exf6 Bxf2+ 14.Kxf2 Qxf6
15.Nf1 Ne5 16.Be3 Rae8 17.Bd4 Bg4 18.Nd2 Qh4+ 19.Kg1 Nxf3+ 20.Nxf3 Qh5 21.
Qf1 Rxf3 22.gxf3 Bxf3 23.Bf2 Re2 24.Bd1 Qg5+ 25.Bg3 Qe3+ 26.Bf2 Qg5+ 27.
Bg3 Qe3+ 1/2-1/2

[Event "41st World U20 ch"]
[Site "Panaji IND"]
[Date "2002.12.19"]
[Round "12.26"]
[White "Das, Arghyadip"]
[Black "Kamble, Vikramaditya"]
[Result "1/2-1/2"]
[WhiteElo "2324"]
[BlackElo "2317"]
[EventDate "2002.12.09"]
[PlyCount "102"]

1.e4 e6 2.Nf3 d5 3.Nc3 Nf6 4.e5 Nfd7 5.d4 c5 6.Bg5 Qb6 7.dxc5 Bxc5 8.Qd2 
Bxf2+ 9.Qxf2 Qxb2 10.Kd2 Qxa1 11.Bb5 Qxh1 12.Qc5 Qxg2+ 13.Ke1 Qxg5 14.Nxg5
Nc6 15.Qd6 Ne7 16.Nxe6 fxe6 17.Qxe6 Kd8 18.Qd6 Nf5 19.Qxd5 Ne3 20.Qd6 Nf5 
21.Qd5 Ne3 22.Qd6 Nf5 23.Qd2 Re8 24.Qg5+ Kc7 25.Nd5+ Kb8 26.Qf4 Rxe5+ 27.
Kf2 Nd6 28.Bxd7 Rxd5 29.c4 Bxd7 30.cxd5 Kc7 31.Qc1+ Kb6 32.Qe3+ Kb5 33.Qe7
Kc5 34.Qxd7 Rf8+ 35.Kg1 Rf6 36.Qa4 Kxd5 37.Qxa7 Rg6+ 38.Kf1 Rf6+ 39.Kg1 h6
40.Qa4 Ke6 41.Qb3+ Ke7 42.Qb4 Kf7 43.Qb3+ Kg6 44.Qb1+ Kf7 45.Qb3+ Kf8 46.
Qd5 b6 47.Qa8+ Ne8 48.Qb8 Kf7 49.Qb7+ Kf8 50.Qb8 Kf7 51.Qb7+ Kf8 1/2-1/2